000 00966nam a2200301I 4500
001 4484
003 BD-RJUL
005 20211208233911.0
008 740620s1961 xx 000 0 eng u
035 _aMITb10452564
035 _a(BD-RJUL)4519
035 _aGLIS00452564
040 _cROB
_dm/c
_aBD-RjUL
_beng
041 _aeng
082 _221
_a338.7
_bSTU 1961
090 _aHC256.5
_b.E26
245 1 0 _aStudies in business organisation :
_ba supplement to Business enterprise /
_cEdited by Ronald S. Edwards and Harry Townsend.
260 _aLondon :
_bMacmillan ;
_a New York :
_b St. Martin's Press,
_cc1961, [reprinted 1967]
300 _axxiii,160 p.
_bill. :
_c23 cm.
526 _bEconomics
650 0 _aIndustrial management.
_914180
650 0 _aBusiness Enterprises
_9112022
700 1 _aEdwards, Ronald S. , ed.
_9230451
700 1 _aTownsend, Harry, Jt. ed.
_9230452
942 _2ddc
_cBK
999 _c4484
_d4484